Develoing An Existing Village The Ogbc Green Villoage Rating System (Record no. 364641)

MARC details
000 -LEADER
fixed length control field 00373nam a2200121Ia 4500
008 - FIXED-LENGTH DATA ELEMENTS--GENERAL INFORMATION
fixed length control field 250110s9999 xx 000 0 und d
041 ## - LANGUAGE CODE
Language code of text/sound track or separate title eng
100 ## - MAIN ENTRY--PERSONAL NAME
Personal name Panchpor Veidehi
9 (RLIN) 119786
245 ## - TITLE STATEMENT
Title Develoing An Existing Village The Ogbc Green Villoage Rating System
260 ## - PUBLICATION, DISTRIBUTION, ETC. (IMPRINT)
Name of publisher, distributor, etc. BNCA M Arch Landscape Architecture
Date of publication, distribution, etc. 2022
300 ## - PHYSICAL DESCRIPTION
Extent 131p
700 ## - ADDED ENTRY--PERSONAL NAME
Personal name Guide Name:karve sujata
Holdings
Withdrawn status Lost status Damaged status Not for loan Home library Current library Date acquired Total Checkouts Barcode Date last seen Bill Date Koha item type Original Barcode
        Dr. Bhanuben Nanavati College of Architecture Dr. Bhanuben Nanavati College of Architecture 22/02/2023   BNCA-PR-2141 10/01/2025 10/01/2025 Project Reports PR2141